| 000 -LEADER |
| fixed length control field |
00619nam a22001937a 4500 |
| 008 - FIXED-LENGTH DATA ELEMENTS--GENERAL INFORMATION |
| fixed length control field |
131002b xxu||||| |||| 00| 0 alb d |
| 020 ## - INTERNATIONAL STANDARD BOOK NUMBER |
| International Standard Book Number |
9789995634957 |
| 041 0# - LANGUAGE CODE |
| Language code of text/sound track or separate title |
alb |
| 080 ## - UNIVERSAL DECIMAL CLASSIFICATION NUMBER |
| Universal Decimal Classification number |
001.8 |
| 100 1# - Rafti |
| Rafti |
Kächelein, Holger |
| 245 10 - TITLE STATEMENT |
| Title |
Shkrimi akademik : |
| Statement of responsibility, etc |
Holger Kachelein |
| 260 ## - |
| -- |
Tiranë : |
| -- |
albPaper ; |
| -- |
2011 |
| 300 ## - |
| -- |
222 f. : |
| -- |
me il. ; |
| -- |
21 cm. |
| 490 ## - |
| -- |
Seria e publikimeve në ekonomiks ; |
| -- |
1 |
| 500 ## - |
| -- |
Parathënie : f. [III] - IV |
| 505 ## - |
| -- |
Referencat : f. 217-222 |
| 650 #0 - |
| -- |
Shkrimi akademik |
| 942 ## - ADDED ENTRY ELEMENTS (KOHA) |
| Source of classification or shelving scheme |
|
| Item type |
Books |